Les preposicions - Statistics

General Stats
  • This quiz has been taken 4 times
  • The average score is 21 of 48
Answer Stats
Preposició % Correct
a
100%
abans
100%
amb
100%
contra
100%
en
100%
entre
100%
sense
100%
sobre
100%
cap a
75%
davant
75%
de
75%
després
75%
dins
75%
fora
75%
per
75%
per a
75%
sota
75%
dalt
50%
durant
50%
fins a
50%
lluny
50%
menys
50%
prop
50%
segons
50%
damunt
25%
darrere
25%
davall
25%
dellà
25%
des de
25%
devers
25%
envers
25%
mitjançant
25%
vers
25%
vora
25%
arran
0%
arreu
0%
com a
0%
deçà
0%
dintre
0%
enfront
0%
enmig
0%
entorn
0%
entremig
0%
excepte
0%
llevat
0%
malgrat
0%
rere
0%
tret
0%
No matching quizzes found
Score Distribution
Percent of People with Each Score
Percentile by Number Answered
Your Score History
You have not taken this quiz